| 000 | 00740nac a22002291u 4500 | ||
|---|---|---|---|
| 008 | 080910t xxu||||| |||| 00| 0 eng d | ||
| 010 | _a 2001055815 | ||
| 020 | _a0324569556 | ||
| 020 | _a9780324569551 | ||
| 082 | 0 | 0 |
_a658.4033 _bKEL _222 |
| 100 |
_aKeller, Gerald _9434 |
||
| 245 | 1 | 0 |
_aManagerial Statistics / _cGerald Keller and Joseph L. Rotman. |
| 250 | _a8th ed. | ||
| 260 |
_aUnited Kingdom : _bSouth Weatern Cengage Learning, 2009. _cc2009. |
||
| 300 |
_axxii, 899 p.: _bcol. ill. ; _c28 cm.+ _e 1 CD-ROM (4 3/4 in.) |
||
| 500 | _aDistributer:Bacca. | ||
| 500 | _aIncludes index. | ||
| 650 | 0 |
_aManagement _9436 _xStatistical methods. |
|
| 653 | _bBus | ||
| 700 | 1 |
_aRotman, Joseph L. _9435 |
|
| 942 |
_cBB _k658.4033KEL _2ddc |
||
| 999 |
_c10168 _d10168 |
||